<?xml version="1.0" encoding="UTF-8"?>
<record
    xmlns:xsi="http://www.w3.org/2001/XMLSchema-instance"
    xsi:schemaLocation="http://www.loc.gov/MARC21/slim http://www.loc.gov/standards/marcxml/schema/MARC21slim.xsd"
    xmlns="http://www.loc.gov/MARC21/slim">

  <leader>00969nam a22001937a 4500</leader>
  <datafield tag="999" ind1=" " ind2=" ">
    <subfield code="c">62734</subfield>
    <subfield code="d">62734</subfield>
  </datafield>
  <controlfield tag="005">20250203163247.0</controlfield>
  <controlfield tag="008">250203s1917    ru ||||| |||| 00| 0 ru  d</controlfield>
  <datafield tag="020" ind1=" " ind2=" ">
    <subfield code="a">9785954600384</subfield>
  </datafield>
  <datafield tag="041" ind1=" " ind2=" ">
    <subfield code="a">rus</subfield>
  </datafield>
  <datafield tag="080" ind1=" " ind2=" ">
    <subfield code="a">629.33.017 &#x422;-38</subfield>
  </datafield>
  <datafield tag="100" ind1=" " ind2=" ">
    <subfield code="a">&#x414;&#x438;&#x434;&#x43C;&#x430;&#x43D;&#x438;&#x434;&#x437;&#x435;, &#x41E;. &#x41D;. </subfield>
    <subfield code="9">24227</subfield>
  </datafield>
  <datafield tag="245" ind1=" " ind2=" ">
    <subfield code="a">&#x422;&#x435;&#x445;&#x43D;&#x438;&#x447;&#x435;&#x441;&#x43A;&#x430;&#x44F; &#x44D;&#x43A;&#x441;&#x43F;&#x43B;&#x443;&#x430;&#x442;&#x430;&#x446;&#x438;&#x44F; &#x430;&#x432;&#x442;&#x43E;&#x43C;&#x43E;&#x431;&#x438;&#x43B;&#x435;&#x439;:</subfield>
    <subfield code="b">&#x443;&#x447;&#x435;&#x431;&#x43D;&#x438;&#x43A; : [&#x434;&#x43B;&#x44F; &#x432;&#x443;&#x437;&#x43E;&#x432; &#x43F;&#x43E; &#x441;&#x43F;&#x435;&#x446;&#x438;&#x430;&#x43B;&#x44C;&#x43D;&#x43E;&#x441;&#x442;&#x438; "&#x410;&#x432;&#x442;&#x43E;&#x43C;&#x43E;&#x431;&#x438;&#x43B;&#x438; &#x438; &#x430;&#x432;&#x442;&#x43E;&#x43C;&#x43E;&#x431;&#x438;&#x43B;. &#x445;&#x43E;&#x437;-&#x432;&#x43E;"] /</subfield>
    <subfield code="c">&#x41E;. &#x41D;.&#x414;&#x438;&#x434;&#x43C;&#x430;&#x43D;&#x438;&#x434;&#x437;&#x435;, &#x410;.&#x410;. &#x421;&#x43E;&#x43B;&#x43D;&#x446;&#x435;&#x432;, &#x410;.&#x41C;. &#x41A;&#x430;&#x440;&#x435;&#x432; &#x438; &#x434;&#x440;.</subfield>
  </datafield>
  <datafield tag="264" ind1=" " ind2=" ">
    <subfield code="a">&#x41C;&#x43E;&#x441;&#x43A;&#x432;&#x430; : </subfield>
    <subfield code="b">&#x420;&#x43E;&#x441;&#x438;&#x444;&#x43E;&#x440;&#x43C;&#x430;&#x433;&#x440;&#x43E;&#x442;&#x435;&#x445;,</subfield>
    <subfield code="c">2017.</subfield>
  </datafield>
  <datafield tag="300" ind1=" " ind2=" ">
    <subfield code="a">564 &#x441;&#x442;&#x440;.</subfield>
    <subfield code="b">&#x438;&#x43B;.</subfield>
    <subfield code="c">21 &#x441;&#x43C;.</subfield>
  </datafield>
  <datafield tag="653" ind1=" " ind2=" ">
    <subfield code="a">&#x10E1;&#x10D0;&#x10E2;&#x10E0;&#x10D0;&#x10DC;&#x10E1;&#x10DE;&#x10DD;&#x10E0;&#x10E2;&#x10DD; &#x10E1;&#x10D0;&#x10E8;&#x10E3;&#x10D0;&#x10DA;&#x10D4;&#x10D1;&#x10D4;&#x10D1;&#x10D8;&#x10E1; &#x10DB;&#x10DD;&#x10D5;&#x10DA;&#x10D0;</subfield>
  </datafield>
  <datafield tag="700" ind1=" " ind2=" ">
    <subfield code="a">&#x421;&#x43E;&#x43B;&#x43D;&#x446;&#x435;&#x432;, &#x410;.&#x410;. </subfield>
    <subfield code="e">&#x10D0;&#x10D5;&#x10E2;&#x10DD;&#x10E0;&#x10D8;</subfield>
    <subfield code="9">24228</subfield>
  </datafield>
  <datafield tag="700" ind1=" " ind2=" ">
    <subfield code="a">&#x41A;&#x430;&#x440;&#x435;&#x432;, &#x410;.&#x41C;. &#x438; &#x434;&#x440;</subfield>
    <subfield code="e">&#x10D0;&#x10D5;&#x10E2;&#x10DD;&#x10E0;&#x10D8;</subfield>
    <subfield code="9">24229</subfield>
  </datafield>
  <datafield tag="942" ind1=" " ind2=" ">
    <subfield code="2">udc</subfield>
    <subfield code="c">&#x1CAC;&#x1C98;&#x1C92;&#x1C9C;&#x1C98;</subfield>
  </datafield>
  <datafield tag="952" ind1=" " ind2=" ">
    <subfield code="0">0</subfield>
    <subfield code="1">0</subfield>
    <subfield code="2">udc</subfield>
    <subfield code="4">0</subfield>
    <subfield code="6">62933017_&#x422;38</subfield>
    <subfield code="7">0</subfield>
    <subfield code="9">101983</subfield>
    <subfield code="a">CPL</subfield>
    <subfield code="b">CPL</subfield>
    <subfield code="c">GEN</subfield>
    <subfield code="d">2025-02-03</subfield>
    <subfield code="g">10.00</subfield>
    <subfield code="o">629.33.017 &#x422;-38</subfield>
    <subfield code="p">70537</subfield>
    <subfield code="r">2025-02-03</subfield>
    <subfield code="t">70537</subfield>
    <subfield code="u">&#x10DC;&#x10D0;&#x10E9;&#x10E3;&#x10E5;&#x10D0;&#x10E0;&#x10D8;</subfield>
    <subfield code="w">2025-02-03</subfield>
    <subfield code="y">&#x1CAC;&#x1C98;&#x1C92;&#x1C9C;&#x1C98;</subfield>
    <subfield code="z">10 &#x10DA;.</subfield>
  </datafield>
</record>
